Southville International School and Colleges
Your cart is empty.
  • Cart
  • Lists
    Public lists Eva Luna New books Lux_list list_1
    Your lists Log in to create your own lists
  • Log in to your account
  • Your cookies
  • Search history
Southville International School and Colleges
  • Advanced search
  • Recent comments
  • Most popular
  • Libraries

Log in to your account

Log in with GOOGLE


If you do not have an external account, but do have a local account, you can still log in:

  1. Home
  2. MARC view: An anteater named Arthur /
Normal view MARC view ISBD view

An anteater named Arthur / (Record no. 104263)

[ view plain ]
MARC details
000 -LEADER
fixed length control field 00576nam a2200205 a 4500
005 - DATE AND TIME OF LATEST TRANSACTION
control field 20140412111317.0
008 - FIXED-LENGTH DATA ELEMENTS--GENERAL INFORMATION
fixed length control field 010416s19uu xx 00 eng d
020 ## - INTERNATIONAL STANDARD BOOK NUMBER
International Standard Book Number 0-395-45990-7
050 ## - LIBRARY OF CONGRESS CALL NUMBER
Classification number M 398.2
Item number W112 1967
050 ## - LIBRARY OF CONGRESS CALL NUMBER
Classification number M 398.2
Item number W11 1967
100 ## - MAIN ENTRY--PERSONAL NAME
Personal name Waber, Bernard
245 ## - TITLE STATEMENT
Title An anteater named Arthur /
Statement of responsibility, etc by Bernard Waber.
260 ## - PUBLICATION, DISTRIBUTION, ETC. (IMPRINT)
Place of publication, distribution, etc Boston :
Name of publisher, distributor, etc Houghton Mifflin Company,
Date of publication, distribution, etc 1967.
300 ## - PHYSICAL DESCRIPTION
Extent 48 p. ; ill.
440 ## - SERIES STATEMENT/ADDED ENTRY--TITLE
Title Houghton Mifflin Literature
650 ## - SUBJECT ADDED ENTRY--TOPICAL TERM
Topical term or geographic name as entry element Children's stories
650 ## - SUBJECT ADDED ENTRY--TOPICAL TERM
Topical term or geographic name as entry element Anteater stories
Holdings
Withdrawn status Lost status Damaged status Use restrictions Home library Current library Shelving location Date acquired Source of acquisition Total Checkouts Full call number Barcode Date last seen Price effective from Koha item type
        Elizalde Library Elizalde Library Main Section 04/16/2001     M 398.2 W112 1967 E7205 04/12/2014 04/12/2014 Books
        Elizalde Library Elizalde Library Main Section 02/01/2008     M 398.2 W11 1967 E11279 04/12/2014 04/12/2014 Books

An anteater named Arthur /

APA

Waber B., . (1967). An anteater named Arthur. Boston: Houghton Mifflin Company.

Chicago

Waber Bernard, . 1967. An anteater named Arthur. Boston: Houghton Mifflin Company.

Harvard

Waber B., . (1967). An anteater named Arthur. Boston: Houghton Mifflin Company.

MLA

Waber Bernard, . An anteater named Arthur. Boston: Houghton Mifflin Company. 1967.

  • Place hold
  • Print
  • Cite
  • Add to your cart (remove)
  • Save record
    BIBTEX Dublin Core MARCXML MARC (non-Unicode/MARC-8) MARC (Unicode/UTF-8) MARC (Unicode/UTF-8, Standard) MODS (XML) RIS
  • More searches
    Search for this title in:
    Other Libraries (WorldCat) Other Databases (Google Scholar) Online Stores (Bookfinder.com) Open Library (openlibrary.org)

Exporting to Dublin Core...

SOUTHVILLE LIBRARY

Southville International School and Colleges Library

1281 Tropical Ave. Cor. Luxembourg St., BF Homes International, Las Pinas City

Tel. No. 8256374 / 252358 Loc. 117/146

Powered by Koha